banner koha

Acelerações eficazes na interface assento-operador de um trator (Registro n. 242725)

MARC details
000 -LÍDER
campo de controle de tamanho fixo 00847nas a2200301 4500
001 - NÚMERO DE CONTROLE
campo de controle BR2015000868
003 - IDENTIFICADOR DO NÚMERO DE CONTROLE
campo de controle BR-BrBNA
005 - DATA E HORÁRIO DA ÚLTIMA TRANSAÇÃO
campo de controle 20231205125121.0
007 - CAMPO FIXO DE DESCRIÇÃO FÍSICA--INFORMAÇÃO GERAL
campo de controle de tamanho fixo ta
008 - CAMPO DE DADOS FIXOS--INFORMAÇÃO GERAL
campo de controle de tamanho fixo 230509b bl.|||p| |||| 00| 00por d
040 ## - FONTE DA CATALOGAÇÃO
Instituição da catalogação original BR-BrBNA
Idioma da catalogação por
Instituição que transcreveu o registro Biblioteca Nacional de Agricultura
041 ## - CÓDIGO DE IDIOMA
Código do idioma do texto/trilha sonora ou título diferente (En)
072 ## - CÓDIGO DE CATEGORIA DE ASSUNTO
Código de Categoria de Assunto N20; T10
100 1# - ENTRADA PRINCIPAL--NOME PESSOAL
Nome pessoal Pinho, M.S.
100 1# - ENTRADA PRINCIPAL--NOME PESSOAL
Nome pessoal Schlosser, J.F.
100 1# - ENTRADA PRINCIPAL--NOME PESSOAL
Nome pessoal Frantz, U.G.
100 1# - ENTRADA PRINCIPAL--NOME PESSOAL
Nome pessoal Farias, M.S.
100 1# - ENTRADA PRINCIPAL--NOME PESSOAL
Nome pessoal Uhry, D.
100 1# - ENTRADA PRINCIPAL--NOME PESSOAL
Nome pessoal Ribas, R.L.
245 1# - TÍTULO
Título Acelerações eficazes na interface assento-operador de um trator
650 ## - ASSUNTO--TERMO TÓPICO
Cabeçalho tópico ou nome geográfico TRATOR
650 ## - ASSUNTO--TERMO TÓPICO
Cabeçalho tópico ou nome geográfico VELOCIDADE
650 ## - ASSUNTO--TERMO TÓPICO
Cabeçalho tópico ou nome geográfico VIBRAÇÃO
650 ## - ASSUNTO--TERMO TÓPICO
Cabeçalho tópico ou nome geográfico ERGONOMIA
773 0# - ENTRADA ANALÍTICA
Título Ciência Rural (Brazil)
ISSN - International Standard Serial Number ISSN 0103-8478
Partes relacionadas (Oct. 2014), v. 44(10) p.1797-1803
Número de controle do registro BR2015000868
909 ## -
-- 202311
-- Lúcia
-- 55
-- Lúcia Elande
942 ## - ELEMENTOS DE ENTRADA ADICIONADOS (KOHA)
Fonte da classificação ou esquema de arquivamento na estante Classificação AGRIS
Ocultar no OPAC Não
Tipo de material Koha Analítica
Exemplares
Situação do descarte Fonte da classificação ou esquema de arquivamento na estante Situação física Não pode ser emprestado Biblioteca de origem Biblioteca atual Localização na estante Enumeração do periódico / cronologia Total de empréstimos Data de último acesso Número do exemplar Tipo de material Koha Fonte de aquisição
  Classificação AGRIS   Consulta local Biblioteca Nacional de Agricultura - Binagri Biblioteca Nacional de Agricultura - Binagri   (Oct. 2014), v. 44(10) p.1797-1803   29/11/2023 01 Periódicos Portaria Interministerial nº 164/94

BINAGRI

Telefone: (61)3218-2567/2388/3357/2097 - binagri@agro.gov.br

Ministério da Agricultura e Pecuária , Esplanada dos Ministérios, Bloco D, Anexo B, Brasília/DF, CEP: 70.043-900